|
|
|
|
| LEADER |
00823nam a22002292a 4500 |
| 001 |
000399154 |
| 003 |
CZ BrMZK |
| 005 |
20210720122008.0 |
| 007 |
ta |
| 008 |
950101s1969 xr af f cze d |
| 015 |
|
|
|a cnb000425951
|
| 040 |
|
|
|a BOA001
|b cze
|
| 100 |
1 |
|
|a Hradil, František
|7 jx20040720183
|4 aut
|
| 245 |
1 |
0 |
|a Fyzika 2 pro střední průmyslové školy chemické /
|c František Hradil, Bohdan Klimeš
|
| 250 |
|
|
|a 2., nezměn. vyd.
|
| 260 |
|
|
|a Praha :
|b Státní pedagogické nakladatelství,
|c 1969
|
| 300 |
|
|
|a 174 s., obr. příl. :
|b il.
|
| 490 |
1 |
|
|a Učebnice odborných a středních odborných škol
|
| 830 |
|
0 |
|a Učebnice odborných a středních odborných škol
|0 s
|
| 910 |
|
|
|a BOA001
|b 2-0582.286-69
|
| 990 |
|
|
|a BK
|
| 996 |
7 |
|
|b 2619016806
|c 2-0582.286-69
|l HP2
|r DEN
|n 0
|w 000399154
|u 000010
|a 1
|e BOA001
|j MZK50
|s A
|